000 00604nam a2200241Ia 4500
003 OSt
005 20220918193157.0
006 a|||||r|||| 00| 0
007 ta
008 220917b |||||||| |||| 00| 0 eng d
024 _a72,162
037 _cTextual
040 _aARTS
_cARTS
_beng
041 _2eng
_aeng
082 _aR4,(P), M3;1
100 _aWarnock G J
_975898
245 0 _aMorality and language
260 _aOxford
_bBasil Blackwell
_c1983
300 _a218p.
_ccm.
650 _aETHICS
942 _hR4,(P), M3;1
_cTEXL
_2CC
999 _c198167
_d198167